[Event "Pan American Amateur-ch"]
[Site "San Andres Islas"]
[Date "2014.08.26"]
[Round "1"]
[White "Rozo, Claudia Magally"]
[Black "Vasquez, Rafael"]
[Result "1-0"]
[WhiteElo "1530"]
[BlackElo "1902"]
[PlyCount "39"]
[EventDate "2014.08.26"]
[EventType "swiss"]
[EventRounds "9"]
[EventCountry "COL"]
[SourceTitle "EXT 2016"]
[Source "ChessBase"]
[SourceDate "2015.10.08"]
[SourceVersion "1"]
[SourceVersionDate "2015.10.08"]
[SourceQuality "1"]

1. d4 Nf6 2. Nf3 c5 3. c3 d5 4. Bf4 Nc6 5. e3 e6 6. Bd3 Bd6 7. Bg5 h6 8. Bxf6 Qxf6 9. Nbd2 0-0 10. 0-0 e5 11. dxe5 Nxe5 12. Bc2 Bg4 13. h3 Bh5 14. g4 Bg6 15. Nxe5 Bxe5 16. Bxg6 fxg6 17. f4 Bc7 18. Nb3 Rad8 19. Nxc5 Bb6 20. b4 1-0

[Event "Curacao op"]
[Site "Willemstad"]
[Date "2001.07.25"]
[Round "1"]
[White "Vasquez, Rafael"]
[Black "Richardson, Quirino"]
[Result "1/2-1/2"]
[WhiteElo "1900"]
[BlackElo "1700"]
[PlyCount "80"]
[EventDate "2001.07.??"]
[EventType "swiss"]
[EventRounds "9"]
[EventCountry "AHO"]
[SourceTitle "EXT 2002"]
[Source "ChessBase"]
[SourceDate "2001.11.25"]
[SourceVersion "1"]
[SourceVersionDate "2001.11.25"]
[SourceQuality "1"]

1. e4 e5 2. Nc3 Nc6 3. Bc4 Nf6 4. d3 Na5 5. Bb3 Nxb3 6. axb3 b6 7. Nf3 d6 8. 0-0 Be7 9. Bd2 Bb7 10. Ne2 0-0 11. Ng3 g6 12. Bh6 Re8 13. h3 Bf8 14. Qd2 d5 15. exd5 Nxd5 16. Bxf8 Kxf8 17. Qh6+ Kg8 18. Ng5 Nf6 19. Ra4 Qd6 20. Rh4 Qf8 21. Nxh7 Qxh6 22. Nxf6+ Kg7 23. Nxe8+ Rxe8 24. Rxh6 Kxh6 25. Re1 Re6 26. Nf1 c5 27. f3 f5 28. Nd2 b5 29. Ra1 a6 30. Re1 Kg5 31. Kf2 Rf6 32. Re2 Rd6 33. Nf1 Rd4 34. Re1 Rf4 35. Ng3 Rd4 36. Ne2 Rb4 37. Nc1 Rh4 38. Kg3 Kh5 39. Rf1 Rd4 40. Ne2 Rd7 1/2-1/2